Study on trawl for boat, stung sen, using engine 150W, hino in koh kong province, ការសិក្សាលើឧបករណ៍អួនអូសចំពោះទូកឈ្មោះស្ទឹងសែន ដែលប្រើកំលំាងម៉ាស៊ីន ១៥០សេះ ម៉ាក HINO នៅខេត្តកោះកុង. (Record no. 3870)

000 -LEADER
fixed length control field 00753nam a22001577a 4500
003 - CONTROL NUMBER IDENTIFIER
control field OSt
005 - DATE AND TIME OF LATEST TRANSACTION
control field 20151202151541.0
008 - FIXED-LENGTH DATA ELEMENTS--GENERAL INFORMATION
fixed length control field 151202b xxu||||| |||| 00| 0 eng d
040 ## - CATALOGING SOURCE
Transcribing agency RUA
082 ## - DEWEY DECIMAL CLASSIFICATION NUMBER
Classification number FIS NGU 2003 B175 Or.1
100 ## - MAIN ENTRY--PERSONAL NAME
9 (RLIN) 4156
Personal name NGUON POR SUONG; ងួន ប៉ោសួង
245 ## - TITLE STATEMENT
Title Study on trawl for boat, stung sen, using engine 150W, hino in koh kong province, ការសិក្សាលើឧបករណ៍អួនអូសចំពោះទូកឈ្មោះស្ទឹងសែន ដែលប្រើកំលំាងម៉ាស៊ីន ១៥០សេះ ម៉ាក HINO នៅខេត្តកោះកុង.
260 ## - PUBLICATION, DISTRIBUTION, ETC. (IMPRINT)
Place of publication, distribution, etc. Phnom Penh
Name of publisher, distributor, etc. RUA
Date of publication, distribution, etc. 2003
300 ## - PHYSICAL DESCRIPTION
Extent vii; 54p.
Other physical details ill.
Dimensions 29cm.
942 ## - ADDED ENTRY ELEMENTS (KOHA)
Source of classification or shelving scheme
Koha item type FIS
Holdings
Price effective from Date last seen Permanent Location Not for loan Date acquired Source of classification or shelving scheme Koha item type Lost status Damaged status Withdrawn status Current Location Full call number
2015-12-022015-12-02Library Block B 2015-12-02 FIS   Library Block BFIS NGU 2003 B175 Or.1
2015-12-022015-12-02Library Block B 2015-12-02 FIS   Library Block BFIS NGU 2003 B175 Or.1
2015-12-022015-12-02Library Block B 2015-12-02 FIS   Library Block BFIS NGU 2003 B175 Or.1
មជ្ឈមណ្ឌលឯការនៃសាកលវិទ្យាល័យភូមិន្ទកសិកម្មចំការដូង

Powered by Koha